| 000 | 00381nam a2200169Ia 4500 | ||
|---|---|---|---|
| 005 | 20250423094401.0 | ||
| 008 | 250422s9999 xx 000 0 und d | ||
| 020 | _a1932394613 | ||
| 050 | _aTK 5105.8885.A52 .C73/ | ||
| 100 | _aCrane, Dave | ||
| 245 | 0 | _aAjax in action | |
| 260 | _aGreenwich, Conn. | ||
| 260 | _bManning | ||
| 260 | _c2006 | ||
| 300 | _a650 p | ||
| 942 | _cBK | ||
| 999 |
_c27077 _d27077 |
||